MARC

LEADER 00000nam0a2200000 4500
001 213696
005 20231031193347.0
035 |a (RuTPU)RU\TPU\book\233514 
090 |a 213696 
100 |a 20120416d1967 m y0rusy50 ca 
101 0 |a rus 
102 |a RU 
105 |a a z 001zy 
200 1 |a Алмазы на службе человека  |f И. С. Рожков, А. П. Моров 
210 |a Москва  |c Недра  |d 1967 
215 |a 190 с.  |c ил. 
320 |a Библиогр.: с. 189-190. 
610 1 |a алмазы 
610 1 |a алмазодобыча 
610 1 |a развитие 
610 1 |a геология 
610 1 |a якутские месторождения 
610 1 |a извлечение 
610 1 |a применение 
610 1 |a роль 
610 1 |a искусственные алмазы 
610 1 |a торговля 
610 1 |a история 
675 |a 622.35/36  |v 3 
675 |a 553.8  |v 3 
700 1 |a Рожков  |b И. С.  |g Иван Сергеевич 
701 1 |a Моров  |b А. П.  |g Александр Павлович 
801 1 |a RU  |b 63413507  |c 20120416 
801 2 |a RU  |b 63413507  |c 20160126  |g RCR 
942 |c BK